[Event "32. Open Barbera del Valles 2009"]
[Site "Barbera del Valles ESP"]
[Date "2009.07.09"]
[Round "6.7"]
[White "Sundararajan, Kidambi"]
[Black "Dominguez Pons, Eric"]
[Result "1-0"]
[WhiteElo "2506"]
[BlackElo "2211"]
[PlyCount "113"]
[EventDate "2009.07.04"]
[EventType "swiss"]
[EventRounds "9"]
[EventCountry "ESP"]
[Source "lmi"]
[SourceDate "2009.07.04"]

1. d4 d5 2. c4 c6 3. Nf3 Nf6 4. e3 Bf5 5. Nc3 e6 6. Nh4 Bg6 7. Be2 Nbd7 8. Bd2
Bd6 9. Nxg6 hxg6 10. h3 a6 11. Rc1 dxc4 12. Bxc4 b5 13. Be2 c5 14. O-O O-O 15.
Bf3 Rb8 16. Ne2 Qb6 17. dxc5 Bxc5 18. b4 Be7 19. Rc6 Qa7 20. Qa1 Nb6 21. Rfc1
Nc4 22. Bc3 e5 23. Bxe5 Nxe5 24. Qxe5 Bxb4 25. Rc7 Qb6 26. R1c6 Qa5 27. Rxf7
Rxf7 28. Qxb8+ Rf8 29. Qb7 Qxa2 30. Qxa6 Qxa6 31. Rxa6 Rb8 32. Nd4 Bc5 33. Nc6
Rb6 34. Rxb6 Bxb6 35. Be2 g5 36. g4 Kf7 37. Bxb5 Ke6 38. Nb4 Ke5 39. Bc6 Ba5
40. Nd3+ Kd6 41. Ba8 Nd7 42. Kf1 Ne5 43. Ne1 Bxe1 44. Kxe1 Ng6 45. Be4 Nf8 46.
Bf5 g6 47. Bd3 Ke5 48. Ke2 Kf6 49. Kf3 Ne6 50. Ke4 Nc5+ 51. Kd4 Nb3+ 52. Kd5
Nd2 53. Be2 Nb1 54. Kd4 Nd2 55. Bd1 Ke6 56. Kd3 Nb1 57. Be2 1-0

[Event "32. Open Barbera del Valles 2009"]
[Site "Barbera del Valles ESP"]
[Date "2009.07.09"]
[Round "6.10"]
[White "Rojas Keim, Luis"]
[Black "Deshpande, Aniruddha"]
[Result "0-1"]
[WhiteElo "2453"]
[BlackElo "2211"]
[PlyCount "88"]
[EventDate "2009.07.04"]
[EventType "swiss"]
[EventRounds "9"]
[EventCountry "ESP"]
[Source "lmi"]
[SourceDate "2009.07.04"]

1. d4 d5 2. Bg5 Nf6 3. Bxf6 exf6 4. e3 Bf5 5. Bd3 Bxd3 6. Qxd3 c6 7. Nc3 Bb4 8.
Nge2 O-O 9. O-O Nd7 10. Nd1 Qe7 11. c4 dxc4 12. Qxc4 f5 13. Ndc3 g6 14. a3 Bd6
15. b4 a6 16. Rab1 Rfc8 17. Qd3 b5 18. e4 fxe4 19. Nxe4 Nb6 20. N2c3 a5 21.
Rfe1 axb4 22. Nxd6 Qxd6 23. Ne4 Qf4 24. axb4 Re8 25. g3 Qf5 26. Kg2 Kg7 27.
Rbc1 Nc4 28. d5 Qxd5 29. Qc3+ Qe5 30. Qf3 Ra3 31. Nf6 Rxf3 32. Nxe8+ Kf8 33.
Rxe5 Nxe5 34. Nc7 Rxf2+ 35. Kxf2 Nd3+ 36. Ke3 Nxc1 37. Kd2 Na2 38. Na6 Ke7 39.
Kc2 Kd6 40. Kb2 Nxb4 41. Nxb4 c5 42. Na6 f5 43. Kc3 g5 44. Kd3 f4 0-1

[Event "32. Open Barbera del Valles 2009"]
[Site "Barbera del Valles ESP"]
[Date "2009.07.09"]
[Round "6.11"]
[White "Perpinya Rofes, Lluis Maria"]
[Black "Fluvia Poyatos, Jordi"]
[Result "0-1"]
[WhiteElo "2387"]
[BlackElo "2449"]
[PlyCount "90"]
[EventDate "2009.07.04"]
[EventType "swiss"]
[EventRounds "9"]
[EventCountry "ESP"]
[Source "lmi"]
[SourceDate "2009.07.04"]

1. e4 c6 2. d4 d5 3. Nc3 dxe4 4. Nxe4 Nd7 5. Bd3 Ngf6 6. Ng5 g6 7. h4 Bg7 8.
Qe2 h6 9. N5f3 c5 10. Be3 Qa5+ 11. c3 O-O 12. h5 gxh5 13. O-O-O Qxa2 14. Bb1
Qa5 15. d5 Nb6 16. Qc2 Bg4 17. d6 Rfd8 18. dxe7 Rxd1+ 19. Qxd1 Nbd5 20. Ne2 Re8
21. Ng3 Nxe3 22. fxe3 Rxe7 23. e4 Qc7 24. Nf5 Rd7 25. Qe2 Qf4+ 26. Qe3 Qxe3+
27. Nxe3 Nh7 28. Ba2 Re7 29. Rf1 Rxe4 30. Bxf7+ Kh8 31. Nh4 Bf6 32. Nef5 Bxh4
33. Nxh4 Kg7 34. Bd5 Re7 35. Nf5+ Bxf5 36. Rxf5 Kg6 37. Rf2 Nf6 38. Bf3 Kg5 39.
Rd2 h4 40. Rd6 b6 41. Rc6 Re3 42. Rc8 Rxf3 43. gxf3 h3 44. Rd8 h2 45. Rd1 Kf4
0-1

[Event "32. Open Barbera del Valles 2009"]
[Site "Barbera del Valles ESP"]
[Date "2009.07.09"]
[Round "6.12"]
[White "Javakhadze, Zurab"]
[Black "Mihailovs, Jurijs"]
[Result "1/2-1/2"]
[WhiteElo "2309"]
[BlackElo "2408"]
[PlyCount "66"]
[EventDate "2009.07.04"]
[EventType "swiss"]
[EventRounds "9"]
[EventCountry "ESP"]
[Source "lmi"]
[SourceDate "2009.07.04"]

1. Nf3 c5 2. g3 b6 3. Bg2 Bb7 4. O-O g6 5. c4 Bg7 6. Nc3 d6 7. d3 Nc6 8. Bd2 e6
9. Rb1 Nge7 10. a3 O-O 11. b4 Qd7 12. e4 Rad8 13. Qc1 cxb4 14. axb4 d5 15. exd5
exd5 16. c5 bxc5 17. bxc5 Ba6 18. Ne1 Ne5 19. Qa3 Qc6 20. Na2 Bb5 21. Qxa7 Ra8
22. Qxe7 Rxa2 23. Bc3 Nxd3 24. Bxg7 Kxg7 25. Nxd3 Bxd3 26. Rb6 Re8 27. Rxc6
Rxe7 28. Rc1 Bc4 29. Bf3 Rd7 30. Rd1 Bb3 31. Rb1 Bc4 32. Rd1 Bb3 33. Rd3 Bc4
1/2-1/2

[Event "32. Open Barbera del Valles 2009"]
[Site "Barbera del Valles ESP"]
[Date "2009.07.09"]
[Round "6.15"]
[White "Garcia Gil, Javier"]
[Black "Matnadze, Ana"]
[Result "0-1"]
[WhiteElo "2203"]
[BlackElo "2413"]
[PlyCount "68"]
[EventDate "2009.07.04"]
[EventType "swiss"]
[EventRounds "9"]
[EventCountry "ESP"]
[Source "lmi"]
[SourceDate "2009.07.04"]

1. e4 c5 2. Nf3 d6 3. d4 cxd4 4. Nxd4 Nf6 5. Nc3 Nc6 6. Bg5 e6 7. Qd2 Qb6 8.
O-O-O a6 9. f3 Be7 10. Nb3 Qc7 11. Bxf6 gxf6 12. Qh6 Bd7 13. f4 O-O-O 14. Nd4
Kb8 15. f5 b5 16. a3 Rc8 17. Nxc6+ Bxc6 18. Bd3 a5 19. fxe6 fxe6 20. Qh5 b4 21.
Nb5 Qb6 22. a4 b3 23. c3 Qe3+ 24. Rd2 f5 25. exf5 Bxg2 26. Rhd1 Bf3 27. Qh3 Bg5
28. Kb1 Bxd1 29. Qxe3 Bc2+ 30. Bxc2 bxc2+ 31. Kxc2 Bxe3 32. Rxd6 exf5 33. Ra6
f4 34. Kd3 Rhf8 0-1

[Event "32. Open Barbera del Valles 2009"]
[Site "Barbera del Valles ESP"]
[Date "2009.07.09"]
[Round "6.16"]
[White "Garcia Castro, Pablo"]
[Black "Schneider, Veronika"]
[Result "0-1"]
[WhiteElo "2390"]
[BlackElo "2301"]
[PlyCount "52"]
[EventDate "2009.07.04"]
[EventType "swiss"]
[EventRounds "9"]
[EventCountry "ESP"]
[Source "lmi"]
[SourceDate "2009.07.04"]

1. g3 Nf6 2. Bg2 d5 3. Nf3 c6 4. b3 Bg4 5. Bb2 Nbd7 6. d3 Qc7 7. O-O e5 8. Qe1
Rd8 9. e4 Bxf3 10. Bxf3 d4 11. Bg2 Be7 12. a4 a5 13. Nd2 O-O 14. Qe2 Bb4 15.
Nf3 Nc5 16. h4 b5 17. Bh3 bxa4 18. bxa4 Rb8 19. Ra2 Nfd7 20. Bxd7 Nxd7 21. Nd2
Bxd2 22. Qxd2 c5 23. c3 Rb3 24. Rc1 Qb6 25. Ba3 dxc3 26. Rxc3 Rxc3 0-1

[Event "32. Open Barbera del Valles 2009"]
[Site "Barbera del Valles ESP"]
[Date "2009.07.09"]
[Round "6.17"]
[White "Fenollar Jorda, Manuel"]
[Black "Ravot, Sylvain"]
[Result "1-0"]
[WhiteElo "2341"]
[BlackElo "2276"]
[PlyCount "95"]
[EventDate "2009.07.04"]
[EventType "swiss"]
[EventRounds "9"]
[EventCountry "ESP"]
[Source "lmi"]
[SourceDate "2009.07.04"]

1. d4 Nf6 2. c4 g6 3. Nc3 Bg7 4. e4 d6 5. h3 O-O 6. Bg5 Na6 7. Bd3 h6 8. Be3 e5
9. d5 Nc5 10. Bc2 a5 11. Qd2 Kh7 12. g4 Ne8 13. Nge2 Bd7 14. Ng3 Qh4 15. O-O-O
Bf6 16. Nge2 a4 17. a3 Bg7 18. Rdg1 f5 19. gxf5 gxf5 20. exf5 Nb3+ 21. Bxb3
axb3 22. Rg4 Qf6 23. Ng3 Bxf5 24. Nce4 Bxe4 25. Nxe4 Qf5 26. Rhg1 Ra4 27. Ng3
Qc2+ 28. Qxc2+ bxc2 29. Nh5 Rf7 30. Kxc2 Bf8 31. Kb3 Ra6 32. Ng3 Nf6 33. Rh4 c6
34. Ne4 Nxe4 35. Rxe4 cxd5 36. cxd5 Ra5 37. Rd1 Rf3 38. Rc4 Rb5+ 39. Ka2 Rf5
40. a4 Ra5 41. Bb6 Ra8 42. a5 Rf7 43. Rdc1 Re8 44. Rc7 Ree7 45. Rxe7 Rxe7 46.
Rc7 Kg8 47. Rxe7 Bxe7 48. b4 1-0

[Event "32. Open Barbera del Valles 2009"]
[Site "Barbera del Valles ESP"]
[Date "2009.07.09"]
[Round "6.19"]
[White "Orzech, Dominik"]
[Black "Canal Oliveras, Joan"]
[Result "1/2-1/2"]
[WhiteElo "2466"]
[BlackElo "2248"]
[PlyCount "72"]
[EventDate "2009.07.04"]
[EventType "swiss"]
[EventRounds "9"]
[EventCountry "ESP"]
[Source "lmi"]
[SourceDate "2009.07.04"]

1. d4 d5 2. Nf3 Nf6 3. c4 e6 4. Nc3 c6 5. cxd5 exd5 6. Qc2 Be7 7. Bg5 O-O 8. e3
Re8 9. Bd3 Nbd7 10. O-O Nf8 11. h3 g6 12. Rab1 Ne6 13. Bh4 Ng7 14. b4 a6 15. a4
Bf5 16. b5 Bxd3 17. Qxd3 axb5 18. axb5 Ra3 19. Qc2 Qa5 20. Rfc1 Nf5 21. Bxf6
Bxf6 22. Rb3 Rxb3 23. Qxb3 Nd6 24. bxc6 bxc6 25. Na4 Nc4 26. Nc5 Be7 27. Qb7
Qa8 28. Rb1 Bd6 29. Nd7 Kg7 30. g4 Qxb7 31. Rxb7 Re7 32. g5 Na5 33. Ra7 Nc4 34.
Rb7 Na5 35. Ra7 Nc4 36. Rb7 Na5 1/2-1/2

[Event "32. Open Barbera del Valles 2009"]
[Site "Barbera del Valles ESP"]
[Date "2009.07.09"]
[Round "6.22"]
[White "Exposito Amaro, Josue"]
[Black "Colon Garcia, Enrique"]
[Result "1/2-1/2"]
[WhiteElo "2231"]
[BlackElo "2173"]
[PlyCount "143"]
[EventDate "2009.07.04"]
[EventType "swiss"]
[EventRounds "9"]
[EventCountry "ESP"]
[Source "lmi"]
[SourceDate "2009.07.04"]

1. e4 c5 2. Nf3 d6 3. c3 Nf6 4. Bc4 e6 5. d3 Be7 6. Bb3 O-O 7. O-O Nc6 8. Re1
Qc7 9. Nbd2 d5 10. e5 Nd7 11. d4 f6 12. exf6 Nxf6 13. Nf1 cxd4 14. cxd4 Bd6 15.
Bg5 Bd7 16. Rc1 Ne4 17. Be3 Be8 18. Ng3 Nxg3 19. fxg3 Bh5 20. Rf1 Qb6 21. Qd2
Bb4 22. Qd3 Bg6 23. Qe2 Be7 24. Kh1 Bf6 25. Ne5 Bxe5 26. dxe5 Qa5 27. Rfd1 Be4
28. Bc5 Rf5 29. Bd6 Qb6 30. Bc5 Qc7 31. g4 Rxe5 32. Rf1 Bg6 33. Qf2 h6 34. Qg3
Rc8 35. Ba4 Re2 36. Rf8+ Kh7 37. Bd6 Qd7 38. Rxc8 Qxc8 39. g5 Be4 40. Rg1 Qd7
41. gxh6 gxh6 42. Bd1 Rxb2 43. Bf3 Bf5 44. Bf8 Qf7 45. Ba3 Rxa2 46. Bc1 Qg7 47.
Qf4 Ne7 48. g4 Ng6 49. Qb4 Be4 50. Bxe4 dxe4 51. Qxe4 Qd7 52. Rf1 Qc7 53. Bf4
Qc6 54. Qxc6 bxc6 55. Be3 Kg7 56. Rc1 Ra6 57. Rb1 Kf6 58. Bxh6 Ne5 59. Rf1+ Kg6
60. g5 Ng4 61. h4 Ra2 62. Rc1 Nxh6 63. gxh6 Ra6 64. Kg2 Kxh6 65. Kf3 Rb6 66.
Kf4 a5 67. Ke5 Kh5 68. Rc4 Rb4 69. Rxc6 a4 70. Ra6 Kxh4 71. Kxe6 Kg4 72. Kd5
1/2-1/2

[Event "32. Open Barbera del Valles 2009"]
[Site "Barbera del Valles ESP"]
[Date "2009.07.09"]
[Round "6.23"]
[White "Costa Trave, Jaume"]
[Black "Avila Jimenez, Javier"]
[Result "1-0"]
[WhiteElo "1981"]
[BlackElo "2212"]
[PlyCount "124"]
[EventDate "2009.07.04"]
[EventType "swiss"]
[EventRounds "9"]
[EventCountry "ESP"]
[Source "lmi"]
[SourceDate "2009.07.04"]

1. d4 d5 2. Nc3 Nf6 3. Bf4 Bf5 4. f3 e6 5. g4 Bg6 6. h4 h6 7. Qd2 c5 8. Nb5 Na6
9. e3 Qb6 10. a4 c4 11. h5 Bh7 12. c3 Rc8 13. g5 hxg5 14. Bxg5 Nc7 15. h6 Nxb5
16. hxg7 Bxg7 17. axb5 Bg6 18. Rxh8+ Bxh8 19. Nh3 Ra8 20. Qh2 Bg7 21. Nf4 Bf5
22. Qh4 Ng8 23. Nh5 Bf8 24. Qg3 Kd7 25. e4 dxe4 26. fxe4 Bxe4 27. Bxc4 Bd6 28.
Qe3 Bg6 29. Nf4 Bf5 30. Nd3 Rc8 31. b3 f6 32. Bh4 Bf8 33. Bg3 Bh6 34. Nc5+ Qxc5
35. Qxh6 Nxh6 36. dxc5 Rxc5 37. Rxa7 Be4 38. Bf2 Rh5 39. Ra8 Ng4 40. Bb6 f5 41.
Rf8 Ne5 42. Be2 Rh2 43. Bd4 Ng6 44. Rf7+ Ke8 45. Rg7 f4 46. Bc4 e5 47. Bc5 Nh4
48. Bf7+ Kd8 49. Bb6+ Ke7 50. Bd5+ Kf6 51. Bxe4 Kxg7 52. Bxb7 Nf5 53. Bc5 Ng3
54. Bc6 e4 55. b6 Rh1+ 56. Kd2 e3+ 57. Bxe3 fxe3+ 58. Kxe3 Nf5+ 59. Ke4 Kf6 60.
b7 Rh8 61. Kd5 Ke7 62. c4 Kd8 1-0

[Event "32. Open Barbera del Valles 2009"]
[Site "Barbera del Valles ESP"]
[Date "2009.07.09"]
[Round "6.24"]
[White "Lasinskas, Povilas"]
[Black "Meera, Sai"]
[Result "0-1"]
[WhiteElo "2268"]
[BlackElo "2148"]
[PlyCount "96"]
[EventDate "2009.07.04"]
[EventType "swiss"]
[EventRounds "9"]
[EventCountry "ESP"]
[Source "lmi"]
[SourceDate "2009.07.04"]

1. d4 Nf6 2. c4 c5 3. d5 e5 4. Nc3 d6 5. e4 Be7 6. h3 Nbd7 7. Bd3 O-O 8. f4 g6
9. Nf3 Nh5 10. fxe5 Bh4+ 11. Kd2 Nxe5 12. Nxe5 Qg5+ 13. Kc2 Qxe5 14. Ne2 f5 15.
exf5 Bxf5 16. g4 Bxd3+ 17. Qxd3 Rae8 18. Nc3 Rf2+ 19. Kb3 Ng3 20. Rd1 Ref8 21.
Be3 R2f3 22. Re1 Re8 23. Bg5 Rxd3 24. Rxe5 Rxe5 25. Bxh4 g5 26. Bxg3 Rxg3 27.
Rf1 Kg7 28. Ka4 Rg2 29. Rb1 Kf7 30. Nb5 Ke7 31. Nxa7 Ree2 32. Ka3 Rg3+ 33. Ka4
Rxh3 34. Kb5 Rhh2 35. b3 Rxa2 36. Nc8+ Kd7 37. Nb6+ Kc7 38. Rf1 Raf2 39. Re1
Re2 40. Rf1 Rhf2 41. Rh1 Rf7 42. Rh3 Ref2 43. Rh6 R2f3 44. Na8+ Kb8 45. Nb6
Rxb3+ 46. Ka5 Rf2 47. Na4 Ra2 48. Rxd6 Rb4 0-1

[Event "32. Open Barbera del Valles 2009"]
[Site "Barbera del Valles ESP"]
[Date "2009.07.09"]
[Round "6.25"]
[White "Martin Grillo, Ruben"]
[Black "Herms Agullo, Jordi"]
[Result "1-0"]
[WhiteElo "2218"]
[BlackElo "2141"]
[PlyCount "36"]
[EventDate "2009.07.04"]
[EventType "swiss"]
[EventRounds "9"]
[EventCountry "ESP"]
[Source "lmi"]
[SourceDate "2009.07.04"]

1. e4 d5 2. exd5 Nf6 3. d4 Bg4 4. f3 Bf5 5. Bb5+ c6 6. dxc6 Qa5+ 7. Nc3 Nxc6 8.
Nge2 O-O-O 9. Bxc6 bxc6 10. O-O e5 11. Be3 Bc5 12. Ne4 Bxe4 13. fxe4 exd4 14.
Nxd4 Bxd4 15. Bxd4 Qa4 16. c3 Qb5 17. Qb3 Qd3 18. Bxa7 Nd7 1-0

[Event "32. Open Barbera del Valles 2009"]
[Site "Barbera del Valles ESP"]
[Date "2009.07.09"]
[Round "6.26"]
[White "Rafols Albet, Josep"]
[Black "Capellades Subirana, Marc"]
[Result "0-1"]
[WhiteElo "2105"]
[BlackElo "2210"]
[PlyCount "168"]
[EventDate "2009.07.04"]
[EventType "swiss"]
[EventRounds "9"]
[EventCountry "ESP"]
[Source "lmi"]
[SourceDate "2009.07.04"]

1. b3 f5 2. Bb2 Nf6 3. e3 e6 4. f4 g6 5. Nf3 Bg7 6. Be2 O-O 7. c4 d6 8. Qc1
Nbd7 9. d4 Ne4 10. O-O Re8 11. Bd3 Ndf6 12. Na3 b6 13. b4 Bb7 14. Rb1 a5 15. b5
h6 16. Bc3 g5 17. Be1 Nh7 18. Nd2 Nxd2 19. Qxd2 gxf4 20. Rxf4 Ng5 21. d5 Be5
22. Rh4 Qf6 23. Bg3 Re7 24. Rf1 Rg7 25. e4 Bxg3 26. hxg3 Qd4+ 27. Rf2 fxe4 28.
Bxe4 Qxd2 29. Rxd2 Nxe4 30. Rxe4 Rxg3 31. Nb1 e5 32. Kh2 Rg6 33. Rf2 Rf8 34.
Rf3 Bc8 35. Nd2 Rxf3 36. gxf3 Bf5 37. Rh4 Kg7 38. Ne4 Bxe4 39. Rxe4 h5 40. Re1
Rf6 41. Rg1+ Kh6 42. Rg8 Rxf3 43. Rc8 Rf7 44. Re8 Rf4 45. c5 bxc5 46. b6 cxb6
47. Re6+ Kg7 48. Rxd6 b5 49. Re6 c4 50. d6 c3 51. Rxe5 c2 52. Rc5 Rc4 53. Rxc4
bxc4 54. d7 c1=Q 55. d8=Q Qc2+ 56. Kg1 Qb1+ 57. Kg2 Qxa2+ 58. Kg1 Qa1+ 59. Kg2
Qb2+ 60. Kg1 Qb1+ 61. Kg2 Qe4+ 62. Kg1 Qg4+ 63. Kh2 Qe2+ 64. Kg1 Qe3+ 65. Kg2
Qe4+ 66. Kg1 Qb1+ 67. Kg2 Qb5 68. Kg3 Qe5+ 69. Kg2 c3 70. Qd7+ Kh6 71. Kf3 Qf6+
72. Ke2 Qg6 73. Qe7 Qc2+ 74. Kf3 Qd3+ 75. Kf4 Qf1+ 76. Kg3 Qg1+ 77. Kf3 Qg4+
78. Kf2 Qf5+ 79. Ke2 c2 80. Qe3+ Kg6 81. Qb6+ Kg5 82. Kd2 h4 83. Qg1+ Kh5 84.
Kc3 c1=Q+ 0-1

[Event "32. Open Barbera del Valles 2009"]
[Site "Barbera del Valles ESP"]
[Date "2009.07.09"]
[Round "6.27"]
[White "Vigo Allepuz, David"]
[Black "Bardera Gil, Sergi"]
[Result "1-0"]
[WhiteElo "2156"]
[BlackElo "2033"]
[PlyCount "75"]
[EventDate "2009.07.04"]
[EventType "swiss"]
[EventRounds "9"]
[EventCountry "ESP"]
[Source "lmi"]
[SourceDate "2009.07.04"]

1. d4 d5 2. c4 c6 3. Nc3 Nf6 4. e3 Bf5 5. Nf3 e6 6. Bd3 Bg6 7. Ne5 Nbd7 8. Nxg6
hxg6 9. cxd5 exd5 10. a3 Bd6 11. g3 Qc7 12. Qf3 Nf8 13. Bd2 Ne6 14. h4 Qe7 15.
Kf1 Nd7 16. Kg2 Qf6 17. Qe2 Kf8 18. b4 Re8 19. Qg4 Nb6 20. Rab1 Rh5 21. a4 Nc4
22. Bc1 Kg8 23. b5 Na5 24. bxc6 bxc6 25. Bd2 Bc7 26. Rhc1 Nd8 27. Ne2 Nab7 28.
Bb4 Nd6 29. Nf4 Ne4 30. Bxe4 Bxf4 31. Bd3 Bd6 32. Qd7 Rxe3 33. Bxd6 Rxd3 34.
Rb8 Kh7 35. Qxd8 Qxd8 36. Rxd8 Rf5 37. Rxc6 Rxd4 38. Rcc8 1-0

[Event "32. Open Barbera del Valles 2009"]
[Site "Barbera del Valles ESP"]
[Date "2009.07.09"]
[Round "6.28"]
[White "Fabre Massana, Miquel"]
[Black "Nadal Garcia, Lluis"]
[Result "1-0"]
[WhiteElo "2151"]
[BlackElo "2021"]
[PlyCount "75"]
[EventDate "2009.07.04"]
[EventType "swiss"]
[EventRounds "9"]
[EventCountry "ESP"]
[Source "lmi"]
[SourceDate "2009.07.04"]

1. e4 e5 2. Nf3 Nc6 3. Bc4 Nf6 4. Ng5 d5 5. exd5 b5 6. Bxb5 Qxd5 7. Bf1 Bc5 8.
d3 Ng4 9. Nh3 f5 10. Nc3 Qd4 11. Qf3 e4 12. dxe4 Nce5 13. Qd1 Qxf2+ 14. Nxf2
Bxf2+ 15. Ke2 Ba6+ 16. Qd3 Nxd3 17. cxd3 fxe4 18. Nxe4 Bb6 19. Bf4 O-O 20. g3
Rae8 21. Kd2 g5 22. Bxg5 Nf2 23. Nxf2 Rxf2+ 24. Kc3 Bb7 25. Bh3 Re5 26. Bf4
Rc5+ 27. Kb4 Rxb2+ 28. Ka3 Rbc2 29. Be6+ Kg7 30. Bb3 Ra5+ 31. Ba4 Bc6 32. Be5+
Kg6 33. Rhf1 Rxa4+ 34. Kb3 Rxh2 35. Rf6+ Kg5 36. Rxc6 Ra5 37. d4 Rd2 38. Bf4+
1-0

[Event "32. Open Barbera del Valles 2009"]
[Site "Barbera del Valles ESP"]
[Date "2009.07.09"]
[Round "6.30"]
[White "Castro Exposito, Cristobal"]
[Black "Brookes, Christopher"]
[Result "1-0"]
[WhiteElo "2027"]
[BlackElo "2046"]
[PlyCount "101"]
[EventDate "2009.07.04"]
[EventType "swiss"]
[EventRounds "9"]
[EventCountry "ESP"]
[Source "lmi"]
[SourceDate "2009.07.04"]

1. d4 Nf6 2. Bf4 g6 3. Nf3 Bg7 4. e3 O-O 5. Be2 d6 6. h3 c5 7. c4 Qb6 8. Qb3
Qxb3 9. axb3 Nc6 10. Nc3 Bf5 11. O-O Ne4 12. g4 e5 13. Bh2 cxd4 14. exd4 exd4
15. Nb5 d3 16. Bxd3 Nd2 17. Nxd2 Bxd3 18. Rfe1 a6 19. Nxd6 Nd4 20. Re7 f5 21.
Rxg7+ Kxg7 22. Be5+ Kg8 23. Bxd4 Rfd8 24. c5 a5 25. Be5 Rd7 26. N2c4 Bxc4 27.
Nxc4 Ra6 28. Rxa5 Rxa5 29. Nxa5 Rd5 30. Bd6 b6 31. Nb7 bxc5 32. Bxc5 Rd2 33.
Ba3 fxg4 34. hxg4 h5 35. b4 h4 36. b5 Kf7 37. Nd6+ Ke6 38. b6 Kd7 39. Bc5 Rd1+
40. Kg2 Ra1 41. b4 g5 42. Ne4 Kc6 43. Nxg5 Re1 44. Nf3 Re4 45. Kh3 Rf4 46. Nxh4
Rc4 47. g5 Rc1 48. g6 Rh1+ 49. Kg4 Rg1+ 50. Kh5 Kd7 51. f4 1-0

[Event "32. Open Barbera del Valles 2009"]
[Site "Barbera del Valles ESP"]
[Date "2009.07.10"]
[Round "7.2"]
[White "Perez Mitjans, Orelvis"]
[Black "Mestre Bellido, Hector"]
[Result "1/2-1/2"]
[WhiteElo "2404"]
[BlackElo "2292"]
[PlyCount "61"]
[EventDate "2009.07.04"]
[EventType "swiss"]
[EventRounds "9"]
[EventCountry "ESP"]
[Source "lmi"]
[SourceDate "2009.07.04"]

1. e4 e5 2. Nc3 Nf6 3. f4 d5 4. fxe5 Nxe4 5. Qf3 f5 6. d3 Nxc3 7. bxc3 d4 8.
Qg3 Nc6 9. Be2 Be6 10. c4 Bb4+ 11. Kf2 O-O 12. Nf3 Qd7 13. Rb1 Rae8 14. Bf4 Bc5
15. h4 Nd8 16. Bd1 c6 17. a4 a5 18. h5 Bf7 19. Nh4 Ne6 20. Bf3 Nxf4 21. Qxf4
Be6 22. Ng6 Rf7 23. Rh3 Qc7 24. Rbh1 Qb6 25. h6 hxg6 26. Qg5 f4 27. R3h2 Qb4
28. hxg7 Qd2+ 29. Be2 Qe3+ 30. Kf1 Qc1+ 31. Kf2 1/2-1/2

[Event "32. Open Barbera del Valles 2009"]
[Site "Barbera del Valles ESP"]
[Date "2009.07.10"]
[Round "7.4"]
[White "Bregadze, Levan"]
[Black "Moskalenko, Viktor"]
[Result "1/2-1/2"]
[WhiteElo "2426"]
[BlackElo "2558"]
[PlyCount "120"]
[EventDate "2009.07.04"]
[EventType "swiss"]
[EventRounds "9"]
[EventCountry "ESP"]
[Source "lmi"]
[SourceDate "2009.07.04"]

1. d4 Nf6 2. Nf3 c5 3. e3 e6 4. c4 d5 5. cxd5 exd5 6. Bb5+ Nbd7 7. O-O a6 8.
Be2 Bd6 9. b3 O-O 10. Bb2 b6 11. Nbd2 Bb7 12. Ne5 Re8 13. Nxd7 Nxd7 14. Bf3 Nf8
15. dxc5 bxc5 16. g3 Qe7 17. Rc1 Ne6 18. Bg2 Rad8 19. Qg4 d4 20. Ne4 Bxe4 21.
Qxe4 dxe3 22. Qxe3 Nd4 23. Rfe1 Qxe3 24. fxe3 Nf5 25. Kf2 g6 26. g4 Ng7 27. Bc6
Re6 28. Red1 h5 29. Bd5 Ree8 30. h3 Be7 31. Bc4 Bg5 32. Rxd8 Rxd8 33. Bc3 Rd6
34. Ke2 Bf6 35. Ba5 hxg4 36. hxg4 Bd8 37. Be1 Ne6 38. Bg3 Rc6 39. Bd5 Rb6 40.
Bxe6 Rxe6 41. Rxc5 Bb6 42. Rc3 Kg7 43. Rd3 Bc5 44. Bf4 Be7 45. g5 f6 46. gxf6+
Kxf6 47. Rd5 Rc6 48. Kf3 Ke6 49. Ke4 Bf6 50. Ra5 Rb6 51. Rc5 Be7 52. Re5+ Kd7
53. Rd5+ Ke6 54. Be5 Rb5 55. Rxb5 axb5 56. a4 bxa4 57. bxa4 Bb4 58. Kd4 Ba5 59.
Bf4 Bb6+ 60. Kc4 Bxe3 1/2-1/2

[Event "32. Open Barbera del Valles 2009"]
[Site "Barbera del Valles ESP"]
[Date "2009.07.10"]
[Round "7.5"]
[White "Fluvia Poyatos, Jordi"]
[Black "Peralta, Fernando"]
[Result "0-1"]
[WhiteElo "2449"]
[BlackElo "2574"]
[PlyCount "76"]
[EventDate "2009.07.04"]
[EventType "swiss"]
[EventRounds "9"]
[EventCountry "ESP"]
[Source "lmi"]
[SourceDate "2009.07.04"]

1. e4 d6 2. d4 Nf6 3. Bd3 e5 4. c3 Nc6 5. Nf3 Bg4 6. d5 Nb8 7. h3 Bc8 8. c4 Be7
9. Nc3 Nbd7 10. Be3 O-O 11. b4 Nh5 12. Ne2 g6 13. g4 Ng7 14. Ng3 Nf6 15. Rg1 c6
16. a3 Kh8 17. Rc1 Bd7 18. Ke2 Rc8 19. Qb3 a6 20. Bb1 h5 21. Nf5 gxf5 22. gxf5
Nh7 23. Bh6 Bf6 24. Rcd1 Qe7 25. Rg2 cxd5 26. cxd5 Bb5+ 27. Kd2 Rg8 28. Rdg1
Bc4 29. Qc3 Nxf5 30. exf5 Bxd5 31. Bg7+ Bxg7 32. Rxg7 Qf6 33. Rxg8+ Rxg8 34.
Rxg8+ Kxg8 35. h4 Qh6+ 36. Ng5 Nxg5 37. Qg3 f6 38. Kc3 Kf8 0-1

[Event "32. Open Barbera del Valles 2009"]
[Site "Barbera del Valles ESP"]
[Date "2009.07.10"]
[Round "7.7"]
[White "Gonzalez Garcia, Jose"]
[Black "Vehi Bach, Victor Manuel"]
[Result "1-0"]
[WhiteElo "2509"]
[BlackElo "2387"]
[PlyCount "107"]
[EventDate "2009.07.04"]
[EventType "swiss"]
[EventRounds "9"]
[EventCountry "ESP"]
[Source "lmi"]
[SourceDate "2009.07.04"]

1. d4 Nf6 2. c4 e6 3. Nf3 d5 4. Nc3 Bb4 5. Qa4+ Nc6 6. e3 O-O 7. Qc2 dxc4 8.
Bxc4 a6 9. a3 Bd6 10. Ng5 h6 11. Nge4 Nxe4 12. Nxe4 e5 13. Nxd6 cxd6 14. d5 Ne7
15. O-O b5 16. Bd3 f5 17. e4 fxe4 18. Bxe4 Bf5 19. Bxf5 Nxf5 20. Qd3 Qb6 21.
Be3 Qb7 22. Rac1 Ne7 23. Rfd1 Rac8 24. h3 Rxc1 25. Bxc1 Qc7 26. Be3 Qb7 27. Qe4
Nf5 28. Rc1 Ne7 29. Rd1 Nf5 30. Rc1 Ne7 31. Bd2 Rc8 32. Rxc8+ Qxc8 33. Bb4 Qc7
34. Qg4 Qc1+ 35. Kh2 Qf4+ 36. Qxf4 exf4 37. Bxd6 Nxd5 38. g3 fxg3+ 39. fxg3 Kf7
40. Be5 g6 41. Kg2 Ne3+ 42. Kf3 Nc4 43. Bc3 Ke6 44. g4 Nd6 45. Bg7 Nf7 46. Kf4
Kd5 47. h4 h5 48. gxh5 gxh5 49. Kf5 Nd6+ 50. Kg6 Ke6 51. Bc3 Ne4 52. Kxh5 Kf5
53. Be1 Nd6 54. Kh6 1-0

[Event "32. Open Barbera del Valles 2009"]
[Site "Barbera del Valles ESP"]
[Date "2009.07.10"]
[Round "7.8"]
[White "Bacallao Alonso, Yusnel"]
[Black "Vassallo Barroche, Mauricio"]
[Result "0-1"]
[WhiteElo "2467"]
[BlackElo "2409"]
[PlyCount "102"]
[EventDate "2009.07.04"]
[EventType "swiss"]
[EventRounds "9"]
[EventCountry "ESP"]
[Source "lmi"]
[SourceDate "2009.07.04"]

1. Nf3 Nf6 2. b3 g6 3. Bb2 Bg7 4. c4 O-O 5. g3 b6 6. Bg2 Bb7 7. O-O c5 8. Nc3
e6 9. d4 Na6 10. e3 Qe7 11. Qe2 d6 12. Rfd1 Ne4 13. Rac1 Rfd8 14. h4 Rac8 15.
d5 Nxc3 16. Bxc3 Bxc3 17. Rxc3 exd5 18. cxd5 Nc7 19. Ng5 h6 20. Nh3 Qe5 21. Qd2
b5 22. Nf4 b4 23. Rc4 Qf6 24. h5 Rf8 25. Nh3 Rce8 26. a4 Bc8 27. e4 Qg7 28. f4
Na8 29. Nf2 Nb6 30. Rc2 Nd7 31. Qd3 gxh5 32. Re1 Re7 33. Qf3 Nf6 34. e5 Ng4 35.
Ne4 dxe5 36. f5 Nf6 37. Rxc5 Nxe4 38. Rxe4 Qf6 39. g4 Bb7 40. g5 hxg5 41. Qxh5
Kg7 42. d6 Rd7 43. Rg4 Rh8 44. Rxg5+ Kf8 45. Qg4 Qxd6 46. Rc4 Qb6+ 47. Kf1 Ba6
48. f6 Bxc4+ 49. bxc4 Qd4 50. Qf3 Qa1+ 51. Kf2 Rd2+ 0-1